<?xml version="1.0" encoding="UTF-8"?><?xml-stylesheet type="text/xsl" href="static/style.xsl"?><OAI-PMH xmlns="http://www.openarchives.org/OAI/2.0/" xmlns:xsi="http://www.w3.org/2001/XMLSchema-instance" xsi:schemaLocation="http://www.openarchives.org/OAI/2.0/ http://www.openarchives.org/OAI/2.0/OAI-PMH.xsd"><responseDate>2026-04-17T07:59:49Z</responseDate><request verb="GetRecord" identifier="oai:www.recercat.cat:10230/72924" metadataPrefix="marc">https://recercat.cat/oai/request</request><GetRecord><record><header><identifier>oai:recercat.cat:10230/72924</identifier><datestamp>2026-03-31T17:21:59Z</datestamp><setSpec>com_2072_6</setSpec><setSpec>col_2072_452952</setSpec></header><metadata><record xmlns="http://www.loc.gov/MARC21/slim" xmlns:dcterms="http://purl.org/dc/terms/" xmlns:xsi="http://www.w3.org/2001/XMLSchema-instance" xmlns:doc="http://www.lyncode.com/xoai" xsi:schemaLocation="http://www.loc.gov/MARC21/slim http://www.loc.gov/standards/marcxml/schema/MARC21slim.xsd">
   <leader>00925njm 22002777a 4500</leader>
   <datafield ind2=" " ind1=" " tag="042">
      <subfield code="a">dc</subfield>
   </datafield>
   <datafield ind2=" " ind1=" " tag="720">
      <subfield code="a">Amine, Oussama</subfield>
      <subfield code="e">author</subfield>
   </datafield>
   <datafield ind2=" " ind1=" " tag="720">
      <subfield code="a">Baghery, Karim</subfield>
      <subfield code="e">author</subfield>
   </datafield>
   <datafield ind2=" " ind1=" " tag="720">
      <subfield code="a">Pindado, Zaira</subfield>
      <subfield code="e">author</subfield>
   </datafield>
   <datafield ind2=" " ind1=" " tag="720">
      <subfield code="a">Ràfols, Carla</subfield>
      <subfield code="e">author</subfield>
   </datafield>
   <datafield ind2=" " ind1=" " tag="260">
      <subfield code="c">2026-03-30T10:29:43Z</subfield>
   </datafield>
   <datafield ind2=" " ind1=" " tag="260">
      <subfield code="c">2026-03-30T10:29:43Z</subfield>
   </datafield>
   <datafield ind2=" " ind1=" " tag="260">
      <subfield code="c">2024</subfield>
   </datafield>
   <datafield ind2=" " ind1=" " tag="260">
      <subfield code="c">2026-03-30T10:29:43Z</subfield>
   </datafield>
   <datafield ind2=" " ind1=" " tag="520">
      <subfield code="a">Zero-knowledge succinct non-interactive arguments of knowledge (zk-SNARKs) are the most efficient proof systems in terms of proof size and verification. Currently, Groth&amp;apos;s scheme from EUROCRYPT 2016, Groth16 , is the state-of-the-art and is widely deployed in practice. Groth16 is originally proven to achieve knowledge soundness, which does not guarantee the non-malleability of proofs. There has been considerable progress in presenting new zk-SNARKs or modifying Groth16 to efficiently achieve strong Simulation extractability, which is shown to be a necessary requirement in some applications. In this paper, we revise the Random oracle based variant of Groth16 proposed by Bowe and Gabizon, BG18, the most efficient one in terms of prover efficiency and CRS size among the candidates, and present a more efficient variant that saves 2 pairings in the verification and 1 group element in the proof. This supersedes our preliminary construction, presented in CANS 2020 (Baghery et al. in CANS 20, volume 12579 of LNCS, Springer, Heidelberg. pp 453-461, 2020), which saved 1 pairing in the verification, and was proven in the generic group model. Our new construction also improves on BG18 in that our proofs are in the algebraic group model with Random Oracles and reduces security to standard computational assumptions in bilinear groups (as opposed to using the full power of the generic group model (GGM)). We implement our proposed simulation extractable zk-SNARK (SE zk-SNARK) along with BG18 in the Arkworks library, and compare the efficiency of our scheme with some related works. Our empirical experiences confirm that our SE zk-SNARK is more efficient than all previous simulation extractable (SE) schemes in most dimensions and it has very close efficiency to the original Groth16 .</subfield>
   </datafield>
   <datafield ind2=" " ind1=" " tag="520">
      <subfield code="a">We thank Alonso González for his helpful discussions and the reviewers for their valuable comments. Karim Baghery has been supported in part by the Defense Advanced Research Projects Agency (DARPA) under contract No. HR001120C0085, by the FWO under an Odysseus project GOH9718N, and by CyberSecurity Research Flanders with reference number VR20192203. Carla Ràfols was partially supported by Project RTI2018-102112-B-I00 (AEI / FEDER, UE).</subfield>
   </datafield>
   <datafield ind1="8" ind2=" " tag="024">
      <subfield code="a">https://hdl.handle.net/10230/72924</subfield>
   </datafield>
   <datafield tag="653" ind2=" " ind1=" ">
      <subfield code="a">NIZK</subfield>
   </datafield>
   <datafield tag="653" ind2=" " ind1=" ">
      <subfield code="a">Zk-SNARK</subfield>
   </datafield>
   <datafield tag="653" ind2=" " ind1=" ">
      <subfield code="a">Strong simulation extractability</subfield>
   </datafield>
   <datafield tag="653" ind2=" " ind1=" ">
      <subfield code="a">Algebraic group model</subfield>
   </datafield>
   <datafield tag="653" ind2=" " ind1=" ">
      <subfield code="a">Random oracle model</subfield>
   </datafield>
   <datafield ind2="0" ind1="0" tag="245">
      <subfield code="a">Simulation extractable versions of Groth&amp;apos;s zk-SNARK revisited</subfield>
   </datafield>
</record></metadata></record></GetRecord></OAI-PMH>